02425njm a2200457Ia 4500001000600000003000900006005001700015008004100032040001300073040001300086100001100099100001800110100003800128245002300166250001100189260001100200260003600211300001700247300002900264500002200293505027000315511005100585511005900636511005000695511005500745511005100800511004800851511004900899511005100948650005300999700008701052700007701139700010001216700007801316700009701394700009201491700013701583700008001720700008501800700008201885D0900IT-RoPAU20220918181117.0131025s9999 xx 000 0 und d aIT-RoPAU cIT-RoPAU aAA.VV. eAutore musica gCodice autore musica SPICS: 12000 aMusica di Dio (La) a1a ed. aMILANO bRCS EDITOREc1995 [1a Ed.:1995] aMUSICASSETTA c45 minuti (Testo: pag.) aMusica religiosa. aHalleluja (4:00) - Dies irae (3:00) - Confutatis maledictis (3:00) - Gloria (3:00) - Quae moerebat (3:00) - Deus in adiutorium (3:00) - Das Wort Sie Sollen Lassen Stahn (4:00) - Ich Folge Dir Gleichfalls (4:00) - Gloria (3:00) - Te Deum (6:00) - In paradisum (4:00) aChicago Symphony Orchestra diretta da Solti G. aBerliner Philharmoniker diretti da Von Karajan Herbert aEnglish Chamber Orchestra diretta da Negri V. aThe English Baroc Soloist diretti da Gardiner J.E. aMunchener Nach Orchestra diretta da Richter K. aBayerischen Rundfunks diretta da Kubelik R. aBerliner Philharmoniker diretti da Jochum E. aPhilharmonia Orchestra diretta da Giulini C.M. aRELIGIOSO [CASSETTE]eCodice MATERIA SPICS: 9951 aHandel Georg FriedrichdCodice autore musica SPICS: 5619eAutore musicapHalleluja aVerdi GiuseppedCodice autore musica SPICS: 89eAutore musicapDies irae aMozart Wolfgang AmadeusdCodice autore musica SPICS: 3486eAutore musicapConfutatis maledictis aVivaldi AntoniodCodice autore musica SPICS: 11195eAutore musicapGloria aPergolesi Giovanni BattistadCodice autore musica SPICS: 10685eAutore musicapQuae moerebat aMonteverdi ClaudiodCodice autore musica SPICS: 3614eAutore musicapDeus in adiutorium aBach Johann SebastiandCodice autore musica SPICS: 9695eAutore musicapDas Wort Sie Sollen Lassen Stahn - Ich Folge Dir Gleichfalls aHaydn Franz JosephdCodice autore musica SPICS: 5572eAutore musicapGloria aBruckner Joseph AntondCodice autore musica SPICS: 10727eAutore musicapTe Deum aFauré MicheldCodice autore musica SPICS: 6783eAutore musicapIn paradisum